[Event "GMI w Condom 2010"]
[Site "Condom"]
[Date "2010.??.??"]
[Round "1.1"]
[White "Fomichenko, Eduard"]
[Black "Fomichenko, Svetlana"]
[Result "1-0"]
[WhiteElo "2458"]
[BlackElo "2217"]
[PlyCount "53"]
[EventDate "2010.07.??"]
[EventType "tourn"]
[EventCountry "FRA"]
[WhiteTeamCountry "FRA"]
[BlackTeamCountry "FRA"]

1. d4 f5 2. g3 Nf6 3. Bg2 e6 4. Nf3 Be7 5. O-O O-O 6. c4 d6 7. Nc3 Qe8 8. Re1
Qg6 9. e4 fxe4 10. Nxe4 Nxe4 11. Rxe4 Nc6 12. Re1 Bf6 13. Bf4 Kh8 14. Qd2 Bd7
15. c5 Nxd4 16. Nxd4 e5 17. Be3 exd4 18. Bxd4 Rad8 19. Bxf6 Qxf6 20. cxd6 cxd6
21. Rac1 Rde8 22. Rxe8 Rxe8 23. h4 h6 24. Rc7 Bg4 25. Rxb7 Re2 26. Qf4 Qxf4 27.
gxf4 {suite illisible} 1-0

[Event "GMI w Condom 2010"]
[Site "Condom"]
[Date "2010.07.??"]
[Round "3.3"]
[White "Fomichenko, Eduard"]
[Black "Guichard, Pauline"]
[Result "1/2-1/2"]
[WhiteElo "2458"]
[BlackElo "2320"]
[PlyCount "75"]
[EventDate "2010.07.??"]
[EventType "tourn"]
[EventCountry "FRA"]
[WhiteTeamCountry "FRA"]
[BlackTeamCountry "FRA"]

1. Nf3 Nf6 2. c4 e6 3. g3 d5 4. d4 dxc4 5. Bg2 Nc6 6. Qa4 Bb4+ 7. Bd2 Bd6 8.
Nc3 O-O 9. Qxc4 e5 10. dxe5 Nxe5 11. Nxe5 Bxe5 12. Rd1 Qe7 13. O-O c6 14. Qh4
Re8 15. Na4 Nd5 16. Qxe7 Nxe7 17. b3 Bg4 18. Rfe1 Rad8 19. h3 Bc8 20. f4 Bc7
21. e4 h5 22. Kf2 Ng6 23. Be3 h4 24. e5 hxg3+ 25. Kxg3 Rxd1 26. Rxd1 f6 27. Be4
Kf7 28. Bxa7 fxe5 29. f5 Ne7 30. Rf1 Kf6 31. Bb6 Bxb6 32. Nxb6 Rd8 33. Nxc8
Nxc8 34. Kf3 Rd2 35. Bb1 Ne7 36. Rg1 Rh2 37. Kg3 Rb2 38. Kf3 1/2-1/2

[Event "GMI w Condom 2010"]
[Site "Condom"]
[Date "2010.??.??"]
[Round "5.2"]
[White "Fomichenko, Eduard"]
[Black "Hamdouchi, Adina-Maria"]
[Result "1-0"]
[WhiteElo "2458"]
[BlackElo "2319"]
[PlyCount "81"]
[EventDate "2010.07.??"]
[EventType "tourn"]
[EventCountry "FRA"]
[WhiteTeamCountry "FRA"]
[BlackTeamCountry "FRA"]

1. Nf3 Nf6 2. c4 g6 3. Nc3 Bg7 4. e4 d6 5. d4 O-O 6. Be2 e5 7. O-O Na6 8. Re1
c6 9. Bf1 Bg4 10. d5 c5 11. Be2 Nc7 12. Bg5 h6 13. Be3 Rb8 14. Rb1 Bd7 15. Nd2
Nh7 16. b4 f5 17. f3 f4 18. Bf2 b6 19. Nb5 Nxb5 20. cxb5 Bf6 21. a4 Bh4 22.
Bxh4 Qxh4 23. Nc4 Qf6 24. bxc5 dxc5 25. Rb3 h5 26. Qa1 Rfe8 27. a5 Ng5 28. axb6
axb6 29. Qa7 Red8 30. Ra1 Nf7 31. Ra6 Qg5 32. Nxb6 Bh3 33. Bf1 Nd6 34. Qc7 c4
35. Ra7 Qf6 36. Nxc4 Nxb5 37. Rxb5 Rxb5 38. Nxe5 Rd7 39. Qc8+ Rd8 40. Qc6 Be6
41. Bxb5 1-0

[Event "GMI w Condom 2010"]
[Site "Condom"]
[Date "2010.??.??"]
[Round "7.1"]
[White "Fomichenko, Eduard"]
[Black "Tournier, Mathieu"]
[Result "1-0"]
[WhiteElo "2458"]
[BlackElo "2281"]
[PlyCount "65"]
[EventDate "2010.07.??"]
[EventType "tourn"]
[EventCountry "FRA"]
[WhiteTeamCountry "FRA"]
[BlackTeamCountry "FRA"]

1. c4 c6 2. Nc3 d5 3. e3 Nf6 4. Nf3 e6 5. d4 Nbd7 6. Qc2 Bd6 7. Bd3 O-O 8. O-O
dxc4 9. Bxc4 e5 10. h3 Qe7 11. Bb3 Bc7 12. Bd2 b6 13. Nb5 cxb5 14. Qxc7 Ne8 15.
Qc6 Rb8 16. Qxb5 Nd6 17. Qe2 exd4 18. Nxd4 Bb7 19. Rac1 Nc5 20. Rfd1 Rbc8 21.
Bc2 a5 22. b4 axb4 23. Bxb4 Qh4 24. Qg4 Qf6 25. Nf5 Nxf5 26. Qxf5 Qxf5 27. Bxf5
Ra8 28. Rd6 Na4 29. Rc7 Bc8 30. Be4 Rb8 31. Bd5 Bf5 32. e4 Bg6 33. f4 1-0

[Event "GMI w Condom 2010"]
[Site "Condom"]
[Date "2010.??.??"]
[Round "7.4"]
[White "Fomichenko, Svetlana"]
[Black "Benmesbah, Natacha"]
[Result "0-1"]
[WhiteElo "2217"]
[BlackElo "2165"]
[PlyCount "70"]
[EventDate "2010.07.??"]
[EventType "tourn"]
[EventCountry "FRA"]
[WhiteTeamCountry "FRA"]
[BlackTeamCountry "FRA"]

1. e4 c5 2. Nf3 d6 3. d4 cxd4 4. Nxd4 Nf6 5. Nc3 g6 6. Be2 Bg7 7. O-O O-O 8.
Re1 Nc6 9. Nb3 Be6 10. Bf1 d5 11. Nc5 d4 12. Nxe6 fxe6 13. Na4 Qa5 14. b3 Ng4
15. Bd2 Nxf2 16. Bxa5 Nxd1 17. Raxd1 Nxa5 18. Nc5 e5 19. b4 Nc6 20. Bc4+ Kh8
21. a3 b6 22. Ne6 Rf6 23. Rf1 Nd8 24. Ng5 Rc8 25. Bb3 Rc3 26. Nf3 Nb7 27. Rfe1
Rf8 28. Rf1 Nd6 29. Ng5 Rf6 30. Rfe1 Bh6 31. Nf3 Be3+ 32. Kf1 Nxe4 33. Ke2 Rxb3
34. cxb3 Nc3+ 35. Kd3 e4+ 0-1

[Event "GMI w Condom 2010"]
[Site "Condom"]
[Date "2010.??.??"]
[Round "2.2"]
[White "Fomichenko, Svetlana"]
[Black "Congiu, Mathilde"]
[Result "1-0"]
[WhiteElo "2217"]
[BlackElo "2199"]
[PlyCount "47"]
[EventDate "2010.07.??"]
[EventType "tourn"]
[EventCountry "FRA"]
[WhiteTeamCountry "FRA"]
[BlackTeamCountry "FRA"]

1. e4 Nc6 2. d4 d5 3. e5 Bf5 4. Nf3 Qd7 5. Nh4 Bg4 6. f3 Bh5 7. g4 Bg6 8. Be3
e6 9. Qd2 Nge7 10. Nc3 f6 11. Nxg6 Nxg6 12. exf6 gxf6 13. O-O-O Nge7 14. h4 f5
15. h5 O-O-O 16. Na4 b6 17. Ba6+ Kb8 18. Qc3 Na5 19. Nc5 Qc6 20. Bf4 bxc5 21.
Qxa5 fxg4 22. fxg4 c4 23. Rhe1 Rg8 24. Rxe6 1-0

[Event "Open International d'Ambès 2010"]
[Site "Ambes"]
[Date "2010.??.??"]
[Round "2.15"]
[White "Font, Bernard"]
[Black "Pellegrin, Guy"]
[Result "0-1"]
[WhiteElo "1762"]
[BlackElo "1840"]
[PlyCount "76"]
[EventDate "2010.04.??"]
[EventType "swiss"]
[EventRounds "9"]
[EventCountry "FRA"]
[WhiteTeamCountry "FRA"]
[BlackTeamCountry "FRA"]

1. e4 c5 2. Nf3 d6 3. d4 cxd4 4. Nxd4 Nf6 5. Nc3 g6 6. Bg5 Bg7 7. Qd2 O-O 8.
Bh6 Bxh6 9. Qxh6 Qb6 10. O-O-O Nc6 11. Qd2 Qxd4 12. Qxd4 Nxd4 13. Rxd4 Be6 14.
f3 Rac8 15. a3 Rc5 16. Rb4 Rb8 17. Ba6 b6 18. Rd1 Bc8 19. Ra4 Bd7 20. Rad4 b5
21. a4 bxa4 22. Nd5 Nxd5 23. Rxd5 Be6 24. Rxc5 dxc5 25. Rd2 Kg7 26. g3 c4 27.
Rd4 Rb6 28. Bxc4 Rb4 29. b3 axb3 30. cxb3 Bxc4 31. bxc4 e5 32. Rd7 Rxc4+ 33.
Kb2 Rb4+ 34. Kc3 Ra4 35. Kb3 Ra1 36. Kb2 Rf1 37. Rxa7 Rxf3 38. Ra2 Re3 0-1

[Event "2eme Open Tarn Nord"]
[Site "Blaye les Mines"]
[Date "2010.??.??"]
[Round "6.1"]
[White "Forestie, Pierre"]
[Black "Canivet, Christophe"]
[Result "1-0"]
[WhiteElo "2020"]
[BlackElo "1865"]
[PlyCount "112"]
[EventDate "2006.??.??"]
[EventType "swiss"]
[EventRounds "7"]
[EventCountry "FRA"]
[WhiteTeamCountry "FRA"]
[BlackTeamCountry "FRA"]

1. e4 d5 2. exd5 Nf6 3. Nc3 c6 4. dxc6 Nxc6 5. Nf3 Bf5 6. Bc4 e5 7. d3 Bb4 8.
O-O O-O 9. a3 Bxc3 10. bxc3 e4 11. Nh4 Bg4 12. f3 exf3 13. Nxf3 Ne5 14. Bb3
Nxf3+ 15. gxf3 Bh3 16. Re1 Nd5 17. Re5 Nxc3 18. Qe1 Qd4+ 19. Kh1 Ne2 20. Bb2
Qxb2 21. Rxe2 Qf6 22. Bd5 Rab8 23. Rb1 b6 24. Qg3 Be6 25. Be4 Bf5 26. Qf4 Bxe4
27. Qxf6 gxf6 28. fxe4 Rbc8 29. Rf1 Rc3 30. Rxf6 Kg7 31. e5 Rxa3 32. h3 Re8 33.
Rc6 Re6 34. Rc7 Ra5 35. d4 Rd5 36. Re4 Ra5 37. c4 Rg6 38. Rg4 Ra1+ 39. Kg2 h5
40. Rxg6+ Kxg6 41. Kf3 Ra3+ 42. Ke4 Rxh3 43. c5 bxc5 44. Rxc5 Rh1 45. Rc6+ Kg7
46. Rc7 Kf8 47. d5 Ke8 48. d6 a5 49. Re7+ Kf8 50. Ra7 Rd1 51. Rxa5 Ke8 52. Ra8+
Kd7 53. Ra7+ Ke8 54. Ra8+ Kd7 55. Ra7+ Ke8 56. Kf5 h4 1-0

[Event "2eme Open Tarn Nord"]
[Site "Blaye les Mines"]
[Date "2010.??.??"]
[Round "4.1"]
[White "Forestie, Pierre"]
[Black "Caron, Jean Marie"]
[Result "1-0"]
[WhiteElo "2020"]
[BlackElo "1938"]
[PlyCount "59"]
[EventDate "2006.??.??"]
[EventType "swiss"]
[EventRounds "7"]
[EventCountry "FRA"]
[WhiteTeamCountry "FRA"]
[BlackTeamCountry "FRA"]

1. e4 e6 2. d4 d5 3. exd5 exd5 4. Bd3 Nf6 5. h3 c5 6. c3 Nc6 7. Nf3 Qb6 8. O-O
c4 9. Bc2 h6 10. Re1+ Be6 11. Bf5 Nd8 12. Nbd2 Be7 13. Bc2 Nc6 14. Nf1 O-O-O
15. b3 g5 16. bxc4 dxc4 17. Ne3 g4 18. hxg4 Nxg4 19. Qe2 Nxe3 20. Bxe3 Qc7 21.
Nd2 Rdg8 22. Be4 Bg4 23. Qxc4 f5 24. Qe6+ Kb8 25. Bxf5 h5 26. Rab1 b6 27. d5
Nd8 28. Bxb6 Nxe6 29. Bxc7+ Kxc7 30. Bxe6 1-0

[Event "Condom op 10th"]
[Site "Condom"]
[Date "2010.??.??"]
[Round "6.9"]
[White "Forestie, Pierre"]
[Black "Fantinel, Thibault"]
[Result "0-1"]
[WhiteElo "2076"]
[BlackElo "2209"]
[PlyCount "76"]
[EventDate "2010.07.??"]
[EventType "swiss"]
[EventRounds "9"]
[EventCountry "FRA"]
[WhiteTeamCountry "FRA"]
[BlackTeamCountry "FRA"]

1. b3 e5 2. c4 Nc6 3. Bb2 g6 4. g3 Bg7 5. Bg2 Nge7 6. e3 d5 7. d4 exd4 8. cxd5
Nxd5 9. Ne2 Bg4 10. e4 Nde7 11. f3 Be6 12. O-O O-O 13. Nf4 a5 14. Na3 Nb4 15.
Qd2 c5 16. Rfc1 b6 17. Nc2 Bh6 18. Bf1 Nec6 19. Bb5 Ne5 20. Ne1 Qf6 21. Kg2 g5
22. Nfd3 Nbxd3 23. Bxd3 Nxf3 24. Nxf3 g4 25. Qf2 gxf3+ 26. Qxf3 Bh3+ 27. Kf2
Be3+ 28. Ke2 Qxf3+ 29. Kxf3 Bxc1 30. Bxc1 Be6 31. Bb5 Kg7 32. g4 Rfd8 33. Bd3
a4 34. bxa4 Rxa4 35. Rb1 c4 36. Bf1 d3 37. Ke3 Rxa2 38. Bd2 Rc2 0-1

[Event "Condom op 10th"]
[Site "Condom"]
[Date "2010.??.??"]
[Round "4.5"]
[White "Forestie, Pierre"]
[Black "Ouerk, Yanis"]
[Result "1/2-1/2"]
[WhiteElo "2076"]
[BlackElo "2115"]
[PlyCount "60"]
[EventDate "2010.07.??"]
[EventType "swiss"]
[EventRounds "9"]
[EventCountry "FRA"]
[WhiteTeamCountry "FRA"]
[BlackTeamCountry "FRA"]

1. c4 Nf6 2. Nc3 g6 3. g3 Bg7 4. Bg2 d6 5. d4 O-O 6. e3 Nbd7 7. Nge2 e5 8. O-O
Re8 9. b4 Nf8 10. a4 e4 11. Qc2 Bf5 12. a5 h5 13. a6 b6 14. b5 N8h7 15. Nd5 Ng5
16. Nxf6+ Bxf6 17. Bb2 h4 18. Nf4 Qd7 19. Nd5 Bg7 20. Rfe1 Bg4 21. Rec1 Nf3+
22. Kh1 g5 23. gxh4 Nxh4 24. Rg1 Nxg2 25. Kxg2 Rac8 26. Kf1 f6 27. Nb4 Bf3 28.
Rg3 Kf7 29. Nc6 d5 30. Ke1 Ra8 1/2-1/2

[Event "Condom op 10th"]
[Site "Condom"]
[Date "2010.??.??"]
[Round "9.8"]
[White "Forgues, Fabien"]
[Black "Marciniak, Gerard"]
[Result "1/2-1/2"]
[WhiteElo "2176"]
[BlackElo "2124"]
[PlyCount "43"]
[EventDate "2010.07.??"]
[EventType "swiss"]
[EventRounds "9"]
[EventCountry "FRA"]
[WhiteTeamCountry "FRA"]
[BlackTeamCountry "FRA"]

1. e4 g6 2. d4 Bg7 3. Nc3 d6 4. Be3 a6 5. Qd2 b5 6. a4 b4 7. Nd1 a5 8. c3 bxc3
9. bxc3 Bb7 10. f3 Nd7 11. Bd3 e6 12. Ne2 Qc8 13. O-O Ne7 14. Kh1 O-O 15. Rc1
Nb6 16. Qa2 Ba6 17. Bxa6 Qxa6 18. Re1 Qc4 19. Ra1 Qxa2 20. Rxa2 Nc4 21. Bg5 Nc8
22. Nb2 1/2-1/2

[Event "Condom op 10th"]
[Site "Condom"]
[Date "2010.??.??"]
[Round "5.29"]
[White "Forgues, Valerie"]
[Black "Lecoultre, Patrick"]
[Result "1-0"]
[WhiteElo "1966"]
[BlackElo "1768"]
[PlyCount "41"]
[EventDate "2010.07.??"]
[EventType "swiss"]
[EventRounds "9"]
[EventCountry "FRA"]
[WhiteTeamCountry "FRA"]
[BlackTeamCountry "FRA"]

1. e4 c5 2. Nf3 g6 3. d4 Bg7 4. Nc3 cxd4 5. Nxd4 Nc6 6. Be3 Nf6 7. Be2 O-O 8.
Nb3 a6 9. a4 d6 10. O-O Ne5 11. Nd4 Qc7 12. f4 Nc4 13. Bxc4 Qxc4 14. h3 e5 15.
fxe5 dxe5 16. Nb3 Nxe4 17. Nd5 Ng3 18. Rf3 Qh4 19. Bf2 Be6 20. Rxg3 Rac8 21.
Rd3 1-0

[Event "Championnat de Ligue Individuel"]
[Site "Vendin les Bethune"]
[Date "2010.??.??"]
[Round "5.3"]
[White "Franek, Jan"]
[Black "Dufour, Mickael"]
[Result "0-1"]
[WhiteElo "1917"]
[BlackElo "2099"]
[PlyCount "72"]
[EventDate "2008.??.??"]
[EventType "swiss"]
[EventRounds "7"]
[EventCountry "FRA"]
[WhiteTeamCountry "FRA"]
[BlackTeamCountry "FRA"]

1. e4 c5 2. d4 cxd4 3. f4 Qa5+ 4. Qd2 Qxd2+ 5. Nxd2 Nc6 6. Ngf3 e6 7. a3 Nf6 8.
Bd3 d5 9. e5 Nd7 10. b4 f6 11. b5 Ne7 12. exf6 gxf6 13. Nxd4 Nc5 14. a4 e5 15.
fxe5 fxe5 16. N4b3 Nxb3 17. Nxb3 e4 18. Be2 Bg7 19. Rb1 O-O 20. Rf1 Rxf1+ 21.
Bxf1 Bf5 22. Bb2 Rc8 23. Bxg7 Kxg7 24. Nd4 Kf6 25. Nxf5 Nxf5 26. Kd2 d4 27. Rb3
Ne3 28. Rxe3 dxe3+ 29. Kxe3 Rxc2 30. Kxe4 Rf2 31. Bc4 Rxg2 32. Kd5 Rxh2 33. Kd6
Rd2+ 34. Kc7 Rc2 35. Kxb7 Rxc4 36. a5 Rb4 0-1

[Event "Championnat de Ligue Individuel"]
[Site "Vendin les Bethune"]
[Date "2010.??.??"]
[Round "1.11"]
[White "Franek, Jan"]
[Black "Dupont, Clement"]
[Result "1-0"]
[WhiteElo "1917"]
[BlackElo "1440"]
[PlyCount "118"]
[EventDate "2008.??.??"]
[EventType "swiss"]
[EventRounds "7"]
[EventCountry "FRA"]
[WhiteTeamCountry "FRA"]
[BlackTeamCountry "FRA"]

1. g4 d5 2. Bg2 Bxg4 3. c4 c6 4. cxd5 cxd5 5. Qb3 e6 6. Qa4+ Nc6 7. Qxg4 Nf6 8.
Qa4 a6 9. Nf3 b5 10. Qd1 g6 11. O-O Bg7 12. d4 Qb6 13. e3 Rc8 14. Nbd2 Nd7 15.
Ne1 O-O 16. Nd3 Rc7 17. Nb3 Nd8 18. Nbc5 Nb7 19. Nxd7 Rxd7 20. Bd2 Rc8 21. Rc1
Rxc1 22. Qxc1 Rc7 23. Qb1 Nd6 24. Rc1 a5 25. Rxc7 Qxc7 26. Qc1 Qb6 27. Qc5 Qxc5
28. Nxc5 Nc4 29. Bc1 Bf8 30. Nd3 b4 31. b3 Nd6 32. Nc5 Be7 33. Bf1 Bd8 34. Bd3
Bb6 35. Na4 Bc7 36. a3 h5 37. axb4 axb4 38. Bd2 Ba5 39. f3 Kg7 40. Kf2 Kf6 41.
e4 dxe4 42. fxe4 Ke7 43. Nb2 f5 44. e5 Nb7 45. Ba6 Nd8 46. Bg5+ Kd7 47. Bb5+
Nc6 48. Nc4 Bc7 49. Bd2 Bd8 50. Bxb4 Kc7 51. Bc5 g5 52. Bb6+ Kb7 53. Bxc6+ Kxc6
54. Bxd8 g4 55. Nb6 f4 56. d5+ exd5 57. e6 d4 58. e7 d3 59. e8=Q+ Kc5 1-0

[Event "Championnat de Ligue Individuel"]
[Site "Vendin les Bethune"]
[Date "2010.??.??"]
[Round "3.7"]
[White "Franek, Jan"]
[Black "Rohart, Quentin"]
[Result "1-0"]
[WhiteElo "1917"]
[BlackElo "1620"]
[PlyCount "49"]
[EventDate "2008.??.??"]
[EventType "swiss"]
[EventRounds "7"]
[EventCountry "FRA"]
[WhiteTeamCountry "FRA"]
[BlackTeamCountry "FRA"]

1. Nf3 d5 2. e4 dxe4 3. Ng5 Nf6 4. Nc3 Bf5 5. Bc4 e6 6. f3 exf3 7. Qxf3 c6 8.
Nxf7 Bg4 9. Qxg4 Nxg4 10. Nxd8 Kxd8 11. Bxe6 Nf6 12. d4 Bd6 13. O-O h6 14. d5
Rf8 15. Be3 c5 16. Nb5 Ke7 17. b4 b6 18. Nxd6 Kxd6 19. Bf4+ Ke7 20. bxc5 bxc5
21. Rab1 Nbd7 22. Rb7 Rfd8 23. Be3 Kd6 24. Bf4+ Ke7 25. Re1 1-0

[Event "Championnat de Ligue Individuel"]
[Site "Vendin les Bethune"]
[Date "2010.??.??"]
[Round "6.5"]
[White "Franek, Jan"]
[Black "Zerbib, Claude"]
[Result "1/2-1/2"]
[WhiteElo "1917"]
[BlackElo "1879"]
[PlyCount "134"]
[EventDate "2008.??.??"]
[EventType "swiss"]
[EventRounds "7"]
[EventCountry "FRA"]
[WhiteTeamCountry "FRA"]
[BlackTeamCountry "FRA"]

1. e4 g6 2. Nf3 Bg7 3. Bc4 e6 4. Nc3 a6 5. a4 b6 6. d4 d6 7. Bd3 Bb7 8. Ne2 Nd7
9. Ng3 Ne7 10. Qe2 h6 11. O-O O-O 12. Be3 c5 13. Qd2 Kh7 14. c3 Qc7 15. b3 f5
16. exf5 Bxf3 17. fxg6+ Nxg6 18. gxf3 Nf6 19. Qc2 Qf7 20. h4 h5 21. Bg5 Rg8 22.
Bxg6+ Qxg6 23. Qxg6+ Kxg6 24. Rae1 Rge8 25. dxc5 bxc5 26. Rd1 d5 27. Rfe1 Nh7
28. Ne2 Nxg5 29. hxg5 Kxg5 30. Kh1 Rab8 31. Rg1+ Kh6 32. Rg2 Rf8 33. Rdg1 Bf6
34. Rg6+ Kh7 35. Nf4 Bh4 36. Nxe6 Rxf3 37. Rg7+ Kh8 38. R1g6 Rf6 39. Rxf6 Bxf6
40. Rg6 Bxc3 41. Rh6+ Kg8 42. Rxh5 d4 43. Nxc5 Rd8 44. Rg5+ Kf7 45. Rf5+ Kg6
46. Rf3 a5 47. Kg2 Rc8 48. Nd3 Rb8 49. Nc5 Kh5 50. Rh3+ Kg4 51. Rg3+ Kf4 52.
Rf3+ Kg4 53. Rg3+ Kf5 54. Rf3+ Kg6 55. Rg3+ Kf7 56. Rf3+ Ke7 57. Kf1 Re8 58.
Rf4 Kd6 59. Ne4+ Ke5 60. Rh4 Rc8 61. Ke2 Rb8 62. Nxc3 dxc3 63. Rc4 Rxb3 64. Kd3
Ra3 65. f4+ Kf5 66. Kc2 Kg4 67. Kd3 Kf5 1/2-1/2

[Event "Condom op 10th"]
[Site "Condom"]
[Date "2010.??.??"]
[Round "9.21"]
[White "Gadarinian, Caroline"]
[Black "Mevel, Mael"]
[Result "1-0"]
[WhiteElo "1988"]
[BlackElo "1836"]
[PlyCount "44"]
[EventDate "2010.07.??"]
[EventType "swiss"]
[EventRounds "9"]
[EventCountry "FRA"]
[WhiteTeamCountry "FRA"]
[BlackTeamCountry "FRA"]

1. Nf3 Nf6 2. d4 g6 3. c3 Bg7 4. Bg5 O-O 5. Nbd2 d6 6. e4 Nbd7 7. Bd3 e5 8. O-O
Qe8 9. Re1 b6 10. a4 a5 11. Bb5 Ba6 12. Bc6 Rb8 13. Nf1 Qc8 14. Bxf6 Nxf6 15.
dxe5 dxe5 16. Nxe5 Qe6 17. f4 Rfd8 18. Qf3 Qb3 19. Ne3 Qxb2 20. Nd5 Nxd5 21.
Bxd5 Bxe5 22. fxe5 Rf8 1-0

[Event "Open International d'Ambès 2010"]
[Site "Ambes"]
[Date "2010.??.??"]
[Round "2.4"]
[White "Gallice, Francois"]
[Black "Andonov, Bogomil"]
[Result "0-1"]
[WhiteElo "1861"]
[BlackElo "2304"]
[PlyCount "76"]
[EventDate "2010.04.??"]
[EventType "swiss"]
[EventRounds "9"]
[EventCountry "FRA"]
[WhiteTeamCountry "FRA"]
[BlackTeamCountry "FRA"]

1. Nf3 d5 2. c4 dxc4 3. Qa4+ Qd7 4. Qxc4 Qc6 5. e3 Nf6 6. Nc3 Qxc4 7. Bxc4 a6
8. O-O e6 9. b3 c5 10. Bb2 Nc6 11. Rad1 b5 12. Bd3 Nb4 13. Bb1 Bb7 14. e4 Rd8
15. d3 Nc6 16. Rfe1 Nd4 17. Nxd4 cxd4 18. Ne2 e5 19. a3 Nd7 20. b4 Nb6 21. Rc1
Bd6 22. Nxd4 exd4 23. Bxd4 Bxh2+ 24. Kxh2 Rxd4 25. Rc7 Rd7 26. Rec1 Kd8 27.
Rxd7+ Kxd7 28. Ba2 f6 29. f4 Rc8 30. Rxc8 Nxc8 31. g4 Ne7 32. Kg3 Kd6 33. Kf2
Bc8 34. Kf3 Nc6 35. Bb1 Be6 36. f5 Bxf5 37. exf5 Ke5 38. Kg3 Nd4 0-1

[Event "Open International d'Ambès 2010"]
[Site "Ambes"]
[Date "2010.??.??"]
[Round "3.10"]
[White "Galloux, Maxime"]
[Black "Gallice, Francois"]
[Result "1-0"]
[WhiteElo "2021"]
[BlackElo "1861"]
[PlyCount "73"]
[EventDate "2010.04.??"]
[EventType "swiss"]
[EventRounds "9"]
[EventCountry "FRA"]
[WhiteTeamCountry "FRA"]
[BlackTeamCountry "FRA"]

1. e4 c5 2. Nf3 d6 3. d4 cxd4 4. Nxd4 Nf6 5. Nc3 g6 6. Be3 Bg7 7. f3 O-O 8. Qd2
Nbd7 9. Bc4 Ne5 10. Bb3 Bd7 11. O-O-O a6 12. h4 h5 13. Bh6 Rc8 14. Nd5 Nxd5 15.
Bxd5 Qb6 16. Bxg7 Kxg7 17. g4 Rh8 18. Qg5 e6 19. Bb3 a5 20. Qe3 Qc7 21. a4 Nc4
22. Qc3 e5 23. Nb5 Bxb5 24. axb5 Rhd8 25. gxh5 gxh5 26. Rhg1+ Kf8 27. Rg5 Qc5
28. Rd5 Qf2 29. Bxc4 Qxh4 30. Rf5 b6 31. b3 Rc7 32. Qd2 Ke7 33. Rxf7+ Kxf7 34.
Rc5+ Ke8 35. Rxc7 Qf6 36. Qd5 Qh6+ 37. Kb1 1-0

[Event "Condom op 10th"]
[Site "Condom"]
[Date "2010.??.??"]
[Round "6.14"]
[White "Garrel, Alain"]
[Black "Berthelot, Nathan"]
[Result "1/2-1/2"]
[WhiteElo "2093"]
[BlackElo "1911"]
[PlyCount "58"]
[EventDate "2010.07.??"]
[EventType "swiss"]
[EventRounds "9"]
[EventCountry "FRA"]
[WhiteTeamCountry "FRA"]
[BlackTeamCountry "FRA"]

1. d4 Nf6 2. Bf4 g6 3. e3 Bg7 4. Nd2 O-O 5. h3 d6 6. Ngf3 c5 7. c3 Nc6 8. Be2
Re8 9. Bh2 Bf5 10. O-O cxd4 11. cxd4 e5 12. Nc4 e4 13. Nh4 Bf8 14. Nxf5 gxf5
15. Qb3 Na5 16. Nxa5 Qxa5 17. Bc4 d5 18. Bb5 Re6 19. Qa4 Qxa4 20. Bxa4 Bd6 21.
Rac1 Bxh2+ 22. Kxh2 Rb6 23. Bb3 a5 24. Rb1 a4 25. Bd1 Rc6 26. Re1 f4 27. Re2
fxe3 28. fxe3 b5 29. Rc2 Rxc2 1/2-1/2

[Event "Condom op 10th"]
[Site "Condom"]
[Date "2010.??.??"]
[Round "9.2"]
[White "Genov, Petar"]
[Black "Daskevics, Vadims"]
[Result "1/2-1/2"]
[WhiteElo "2442"]
[BlackElo "2414"]
[PlyCount "20"]
[EventDate "2010.07.??"]
[EventType "swiss"]
[EventRounds "9"]
[EventCountry "FRA"]
[WhiteTeamCountry "FRA"]
[BlackTeamCountry "FRA"]

1. c4 Nf6 2. Nc3 g6 3. d4 d5 4. cxd5 Nxd5 5. e4 Nxc3 6. bxc3 Bg7 7. Bc4 c5 8.
Ne2 O-O 9. O-O Nc6 10. Be3 Bg4 1/2-1/2

[Event "Condom op 10th"]
[Site "Condom"]
[Date "2010.??.??"]
[Round "6.2"]
[White "Genov, Petar"]
[Black "Hamdouchi, Hicham"]
[Result "1/2-1/2"]
[WhiteElo "2442"]
[BlackElo "2600"]
[PlyCount "95"]
[EventDate "2010.07.??"]
[EventType "swiss"]
[EventRounds "9"]
[EventCountry "FRA"]
[WhiteTeamCountry "FRA"]
[BlackTeamCountry "FRA"]

1. d4 Nf6 2. c4 g6 3. Nc3 Bg7 4. e4 d6 5. Nf3 O-O 6. Be2 e5 7. dxe5 dxe5 8.
Qxd8 Rxd8 9. Bg5 Rf8 10. Nd5 Nxd5 11. cxd5 c6 12. Bc4 b5 13. Bb3 Bb7 14. Rd1 c5
15. O-O Nd7 16. Nd2 Rfc8 17. Rc1 c4 18. Bd1 f5 19. f3 f4 20. Bh4 Bf8 21. Bf2 a5
22. a4 Bb4 23. Nb1 bxa4 24. Bxa4 Nc5 25. Bb5 Nd3 26. Rc2 Ba6 27. Bxa6 Rxa6 28.
Rd1 Raa8 29. Kf1 Kf7 30. Ke2 a4 31. Na3 Nxb2 32. Rxb2 Bxa3 33. Rb7+ Kg8 34. d6
c3 35. d7 c2 36. dxc8=Q+ Rxc8 37. Ra7 cxd1=Q+ 38. Kxd1 Rc1+ 39. Kd2 Ra1 40. Kd3
Ra2 41. Bb6 Bd6 42. Kc4 a3 43. Kd5 Rd2+ 44. Ke6 a2 45. Ra8+ Kg7 46. Bd8 Bb8 47.
Bf6+ Kh6 48. g4 1/2-1/2

[Event "Condom op 10th"]
[Site "Condom"]
[Date "2010.??.??"]
[Round "2.5"]
[White "Genov, Petar"]
[Black "Tesan, Michael"]
[Result "1-0"]
[WhiteElo "2442"]
[BlackElo "2080"]
[PlyCount "85"]
[EventDate "2010.07.??"]
[EventType "swiss"]
[EventRounds "9"]
[EventCountry "FRA"]
[WhiteTeamCountry "FRA"]
[BlackTeamCountry "FRA"]

1. d4 Nf6 2. Nf3 e6 3. g3 d5 4. Bg2 Be7 5. O-O O-O 6. c4 c6 7. b3 Nbd7 8. Bb2
b5 9. c5 Ne4 10. b4 a5 11. a3 f5 12. Ne1 g5 13. f3 Nef6 14. Nd3 Qe8 15. a4 axb4
16. axb5 Rxa1 17. Bxa1 cxb5 18. Nd2 Nb8 19. Nb3 Nc6 20. Qd2 Nd7 21. Re1 Qf7 22.
Nxb4 Nxb4 23. Qxb4 f4 24. Qxb5 g4 25. Qd3 h5 26. fxg4 fxg3 27. Qxg3 h4 28. Qe3
Qg6 29. h3 Bg5 30. Qd3 Qh6 31. e3 Nf6 32. e4 Bf4 33. Bc3 dxe4 34. Bxe4 Nd5 35.
Bxd5 exd5 36. Bd2 Ba6 37. Bxf4 Qxf4 38. Qe3 Bc4 39. Nd2 Qf7 40. Qg5+ Kh8 41.
Qxh4+ Kg8 42. Qg5+ Kh8 43. Re7 1-0

[Event "LUCOPEN 01st Op"]
[Site "Lille"]
[Date "2010.??.??"]
[Round "2.13"]
[White "Giffard, Nicolas"]
[Black "Feys, Bert"]
[Result "1-0"]
[WhiteElo "2361"]
[BlackElo "1940"]
[PlyCount "61"]
[EventDate "2010.04.??"]
[EventType "swiss"]
[EventRounds "7"]
[EventCountry "FRA"]
[WhiteTeamCountry "FRA"]
[BlackTeamCountry "FRA"]

1. d4 g6 2. c4 Bg7 3. e4 c5 4. d5 d6 5. Bd3 e6 6. Ne2 Nf6 7. O-O O-O 8. Nbc3
Re8 9. Ng3 exd5 10. cxd5 Na6 11. h3 h5 12. Bg5 Qa5 13. a3 Bd7 14. Qf3 Nh7 15.
Bd2 h4 16. Nge2 Qd8 17. Bf4 Qe7 18. Rab1 Rac8 19. b3 Nc7 20. b4 cxb4 21. axb4
g5 22. Bd2 Nf8 23. Qh5 Bf6 24. f4 gxf4 25. Nxf4 Qe5 26. Qf3 Bg5 27. Nce2 Nb5
28. Kh1 Re7 29. Bc1 Bh6 30. Bb2 Qg5 31. Nh5 1-0

[Event "2eme Open Tarn Nord"]
[Site "Blaye les Mines"]
[Date "2010.??.??"]
[Round "7.1"]
[White "Gipouloux, Laurent"]
[Black "Forestie, Pierre"]
[Result "0-1"]
[WhiteElo "1760"]
[BlackElo "2020"]
[PlyCount "60"]
[EventDate "2006.??.??"]
[EventType "swiss"]
[EventRounds "7"]
[EventCountry "FRA"]
[WhiteTeamCountry "FRA"]
[BlackTeamCountry "FRA"]

1. e4 e5 2. Nf3 Nc6 3. Bb5 Bc5 4. O-O Nd4 5. Bc4 d6 6. c3 Nxf3+ 7. Qxf3 Be6 8.
d3 Bxc4 9. dxc4 Qh4 10. b4 Bb6 11. a4 a5 12. Nd2 Ne7 13. Qg3 Qxg3 14. hxg3 f5
15. exf5 Nxf5 16. Ne4 axb4 17. cxb4 Bd4 18. Ra2 O-O 19. a5 b5 20. g4 Ne7 21.
cxb5 Nd5 22. Bd2 Rfb8 23. Kh2 Rxb5 24. Rb1 h6 25. f3 Kf7 26. Rb3 Ke6 27. a6 c5
28. Nxd6 Kxd6 29. bxc5+ Kxc5 30. Rc2+ Kb6 0-1